| 000 | 00763cam a2200217 4500 | ||
|---|---|---|---|
| 001 | J117995 | ||
| 008 | 020516n1934 000 0 eng u | ||
| 035 | _a(Sirsi) u117995 | ||
| 050 | _a692.209421 | ||
| 110 |
_aLondon County Council _91711 |
||
| 245 | _aRegulations made under the provisions of section 23 of the London County Council (General Powers) Act 1909, with respect to the construction of buildings wholly or partly of reinforced conrete | ||
| 260 |
_aLondon _bLCC _c1934 |
||
| 300 |
_a16p. _c33cm. |
||
| 350 | _a2d. | ||
| 490 | _v1812 | ||
| 650 |
_aBUILDING REGULATIONS _96224 |
||
| 650 | _aLONDON COUNTY COUNCIL (GENERAL POWERS) ACT 1909 S23 | ||
| 650 | _aREINFORCED CONCRETE | ||
| 690 | _aBUILT ENVIRONMENT-BUILDING STANDARDS | ||
| 942 | _n0 | ||
| 999 |
_c102073 _d102073 |
||